Apostles and prophets : (Record no. 104)

MARC details
000 -LEADER
fixed length control field 01049cam a22003014a 4500
001 - CONTROL NUMBER
control field 12021527
003 - CONTROL NUMBER IDENTIFIER
control field GBCCL
005 - DATE AND TIME OF LATEST TRANSACTION
control field 20241126110330.0
008 - FIXED-LENGTH DATA ELEMENTS--GENERAL INFORMATION
fixed length control field 000525s2000 cau b 001 0 eng
010 ## -
-- 00042507
020 ## - INTERNATIONAL STANDARD BOOK NUMBER
International Standard Book Number 0830725741 (hardcover)
020 ## - INTERNATIONAL STANDARD BOOK NUMBER
International Standard Book Number 0830725768 (trade paper)
040 ## - CATALOGING SOURCE
Original cataloging agency DLC
Transcribing agency DLC
Modifying agency DLC
042 ## -
-- pcc
050 00 -
-- BV601.2
-- .W34 2000
082 00 - DEWEY DECIMAL CLASSIFICATION NUMBER
Classification number 262.1
Edition information 21
Item number WAG
100 1# - MAIN ENTRY--PERSONAL NAME
Personal name Wagner, C. Peter.
9 (RLIN) 2967
245 10 - TITLE STATEMENT
Title Apostles and prophets :
Remainder of title the foundation of the church /
Statement of responsibility, etc. C. Peter Wagner.
260 ## - PUBLICATION, DISTRIBUTION, ETC.
Place of publication, distribution, etc. Ventura, Calif. :
Name of publisher, distributor, etc. Regal,
Date of publication, distribution, etc. c2000.
300 ## - PHYSICAL DESCRIPTION
Extent 144 p. ;
Dimensions 22 cm.
504 ## - BIBLIOGRAPHY, ETC. NOTE
Bibliography, etc. note Includes bibliographical references and index.
650 #0 - SUBJECT ADDED ENTRY--TOPICAL TERM
Topical term or geographic name entry element Apostolate (Christian theology)
9 (RLIN) 2965
650 #0 - SUBJECT ADDED ENTRY--TOPICAL TERM
Topical term or geographic name entry element Prophecy
General subdivision Christianity.
9 (RLIN) 5591
650 #0 - SUBJECT ADDED ENTRY--TOPICAL TERM
Topical term or geographic name entry element Church polity.
9 (RLIN) 2966
906 ## - LOCAL DATA ELEMENT F, LDF (RLIN)
a 7
b cbc
c orignew
d 1
e ocip
f 20
g y-gencatlg
942 ## - ADDED ENTRY ELEMENTS (KOHA)
Source of classification or shelving scheme Dewey Decimal Classification
Koha item type Books
Holdings
Withdrawn status Lost status Source of classification or shelving scheme Damaged status Not for loan Home library Current Library Shelving location Date acquired Total checkouts Full call number Barcode Date last seen Copy number Price effective from Koha item type
    Dewey Decimal Classification     GRACE BIBLE COLLEGE GRACE BIBLE COLLEGE Ministry & Mission 2016-05-24   262.1 WAG 011664 2025-05-01 c.1 2016-05-24 Books
    Dewey Decimal Classification     GRACE BIBLE COLLEGE GRACE BIBLE COLLEGE Ministry & Mission 2016-05-24   262.1 WAG 011665 2025-05-01 c.2 2016-05-24 Books
    Dewey Decimal Classification     GRACE BIBLE COLLEGE GRACE BIBLE COLLEGE Ministry & Mission 2016-05-24   262.1 WAG 011666 2025-05-01 c.3 2016-05-24 Books
    Dewey Decimal Classification     GRACE BIBLE COLLEGE GRACE BIBLE COLLEGE Ministry & Mission 2016-05-24   262.1 WAG 011668 2025-05-01 c.5 2016-05-24 Books
    Dewey Decimal Classification     GRACE BIBLE COLLEGE GRACE BIBLE COLLEGE Ministry & Mission 2016-05-24   262.1 WAG 011669 2025-05-01 c.6 2016-05-24 Books
    Dewey Decimal Classification     GRACE BIBLE COLLEGE GRACE BIBLE COLLEGE Ministry & Mission 2016-05-24   262.1 WAG 011671 2025-05-01 c.8 2016-05-24 Books
    Dewey Decimal Classification     GRACE BIBLE COLLEGE GRACE BIBLE COLLEGE Ministry & Mission 2016-05-24   262.1 WAG 011672 2025-05-01 c.9 2016-05-24 Books
    Dewey Decimal Classification     GRACE BIBLE COLLEGE GRACE BIBLE COLLEGE Ministry & Mission 2016-05-24   262.1 WAG 011673 2025-05-01 c.10 2016-05-24 Books
    Dewey Decimal Classification     GRACE BIBLE COLLEGE GRACE BIBLE COLLEGE Ministry & Mission 2016-05-24   262.1 WAG 011670 2025-05-01 c.7 2016-05-24 Books
    Dewey Decimal Classification     GRACE BIBLE COLLEGE GRACE BIBLE COLLEGE Ministry & Mission 2016-05-24   262.1 WAG 011667 2025-05-01 c.4 2016-05-24 Books
© Grace Bible College Library 2025